路線名 一覧クイズ 鳥取県 - Statistics

General Stats
  • This quiz has been taken 35 times
  • The average score is 5 of 6
Answer Stats
事業者名 答え 区間 % Correct
JR西日本 山陰本線 東浜〜米子
100%
JR西日本 境線 米子〜境港(全線)
97%
JR西日本 因美線 那岐〜鳥取
91%
三セク① 智頭線(智頭急行) 山郷〜智頭
91%
JR西日本 伯備線 上石見〜伯耆大山
85%
三セク② 若桜線(若桜鉄道) 郡家〜若桜(全線)
82%
No matching quizzes found
Score Distribution
Percent of People with Each Score
Percentile by Number Answered
Your Score History
You have not taken this quiz